Welcome to the Holygrace Academy Library

Please use search bar below to get started

SNOW WHITE AND THE SEVEN DWARFS (Record no. 7460)

MARC details
000 -LEADER
fixed length control field 00276nam a22001217a 4500
082 ## - DEWEY DECIMAL CLASSIFICATION NUMBER
Classification number 823
Item number BRO/S
100 ## - MAIN ENTRY--AUTHOR NAME
Personal name THE BROTHER'S GRIMM
245 ## - TITLE STATEMENT
Title SNOW WHITE AND THE SEVEN DWARFS
260 ## - PUBLICATION, DISTRIBUTION, ETC. (IMPRINT)
Place of publication DELHI
Name of publisher TINY TOT
Year of publication 1995
300 ## - PHYSICAL DESCRIPTION
Number of Pages 7
650 ## - SUBJECT ADDED ENTRY--TOPICAL TERM
Topical Term ENGLISH STORY
Geographic subdivision INDIA
942 ## - ADDED ENTRY ELEMENTS (KOHA)
Koha item type Books
Holdings
Withdrawn status Lost status Collection code Home library Current library Date acquired Source of acquisition Cost, normal purchase price Full call number Accession Number Koha item type
Withdrawn Damaged Item Fiction Main Library Main Library 05/03/2002 purchase 18.00 823 BRO/S 00555 Books